disney princess songs - Statistics

General Stats
  • This quiz has been taken 749 times
  • The average score is 4 of 13
Answer Stats
Hint Answer % Correct
Elsa Let it go
99%
Pochahontus colors of the wind
69%
mulan reflection
64%
tiana almost there
34%
Anna do you want to build a snowman?
30%
rapunzel when will my life begin?
30%
belle belle
26%
aurora once upon a dream
24%
merida touch the sky
15%
snow white whistle while you work
9%
ariel part of their world
5%
jasmine i can show you a world
2%
cinderella a dream is a wish that your heart makes
1%
No matching quizzes found
Score Distribution
Percent of People with Each Score
Percentile by Number Answered
Your Score History
You have not taken this quiz